000 00471nab a2200145Ia 4500
003 ES-SlBCS
005 20210601142037.0
008 140529s1954 xxu||||| |||| 00| 0 spa d
041 _aspa
100 1 _aCasas, Manuel Gonzalo
_937806
245 0 0 _aEl problema del fundamento en Heidegger. La búsqueda del ser
_c Manuel Gonzalo Casas
600 1 4 _aHeidegger-Ser
_9262610
773 0 _tGiornali di Metafisica
_gvol. 9, nº. 6, 1954, págs. 660-664
_w0017-0372
942 _cAR
999 _c670647
_d670647